000 00703cam a2200241 4500
001 B1853
008 090401t1988 xxu||||| |||| 00| 0 eng d
035 _a(Sirsi) u46777
041 _aeng
050 _a690.25
110 _aBuilding Research Establishment
245 _aExternal masonry cavity walls: wall ties - selection and specification.
260 _aGarston,Watford
_bBuilding Research Establishment
_c1988
300 _a1 sheet : ill. ; 30cm.
350 _a0
490 _aDefect Action Sheet
_v115 (Design)
490 _aDAS
_v115
650 _aBUILDING DEFECTS
650 _aCAVITY WALL TIES
690 _aBUILT ENVIRONMENT-BUILDING PATHOLOGY
942 _n0
948 _c04/03/1997
999 _c91998
_d91998